[Event "Bratislava U16 op 43rd"]
[Site "Bratislava"]
[Date "2016.08.22"]
[Round "7"]
[White "Cizmar, Tomas"]
[Black "Cutka, Pavol"]
[Result "1-0"]
[WhiteElo "1000"]
[BlackElo "1000"]
[PlyCount "31"]
[EventDate "2016.08.19"]
[EventType "swiss"]
[EventRounds "7"]
[EventCountry "SVK"]
[SourceTitle "CBM 174 Extra"]
[Source "ChessBase"]
[SourceDate "2016.10.10"]
[SourceVersion "1"]
[SourceVersionDate "2016.10.10"]
[SourceQuality "1"]

1. e4 e5 2. Nf3 Nc6 3. Bc4 Nf6 4. Nc3 Bc5 5. 0-0 0-0 6. d3 d6 7. Bg5 Bg4 8. Nd5 Nd4 9. Qd2 Qd7 10. Bxf6 Bxf3 11. a3 a6 12. Qg5 Ne2+ 13. Kh1 Ng3+ 14. fxg3 Bxg2+ 15. Kxg2 Bf2 16. Qxg7# 1-0

[Event "Bratislava U16 op 43rd"]
[Site "Bratislava"]
[Date "2016.08.19"]
[Round "1"]
[White "Mizicka, Matus"]
[Black "Cutka, Pavol"]
[Result "1-0"]
[WhiteElo "1533"]
[BlackElo "1000"]
[PlyCount "25"]
[EventDate "2016.08.19"]
[EventType "swiss"]
[EventRounds "7"]
[EventCountry "SVK"]
[SourceTitle "CBM 174 Extra"]
[Source "ChessBase"]
[SourceDate "2016.10.10"]
[SourceVersion "1"]
[SourceVersionDate "2016.10.10"]
[SourceQuality "1"]

1. e4 e5 2. Nf3 Nc6 3. d4 Nf6 4. dxe5 Nxe4 5. Bc4 Bc5 6. Bxf7+ Kf8 7. Qd5 Bxf2+ 8. Kf1 Bd4 9. Nxd4 Nxd4 10. Qxe4 Nb5 11. Qf4 c5 12. Bc4+ Ke8 13. Qf7# 1-0